| 000 | 00874nam a2200253Ia 4500 | ||
|---|---|---|---|
| 003 | OSt | ||
| 005 | 20220923212605.0 | ||
| 006 | a|||||r|||| 00| 0 | ||
| 007 | ta | ||
| 008 | 220922b |||||||| |||| 00| 0 hin d | ||
| 024 | _a154,289 | ||
| 037 | _cTextual | ||
| 040 |
_aARTS _cARTS _bhin |
||
| 041 |
_2hin _ahin |
||
| 082 | _aO152wN1, N4 | ||
| 100 | _aस्नातक, विजयेन्द्र | ||
| 245 | 0 | _aसंस्कृति एवं साहित्य के प्रहरी | |
| 246 | _aSanskṛuti evan sāhitya ke praharī | ||
| 260 |
_aदिल्ली _b प्रभात प्रकाशन _c1994 |
||
| 300 |
_a110 पृ. _ccm. |
||
| 650 |
_aहिन्दी साहित्य _9156264 |
||
| 942 |
_hO152wN1, N4 _cTEXL _2CC |
||
| 999 |
_c309917 _d309917 |
||